| 000 | 00962nam a22001815i 4500 | ||
|---|---|---|---|
| 001 | 153028 | ||
| 003 | ES-MaACL | ||
| 005 | 20251002200849.0 | ||
| 008 | 940301m18911894fr a |||| | fre d | ||
| 040 |
_aAR _bspa |
||
| 245 | 0 | 0 | _aCatalogue de la bibliothèque de M. Ricardo Heredia, Comte de Benahans. |
| 260 |
_aParis : _bEm. Paul L. Huard et Guillemin, libraires de la Bibliothèque Nationale, _c1891-1894 ( _fTyp. G. Chamerot) |
||
| 300 |
_a4 v. : _bil. ; _c28 cm. |
||
| 505 | 8 | _aContiene: Première partie: Théologie, Jurisprudence, Sciences, Arts divers, Beaux arts, Livres illustrés. -- Deuxième partie: Belles-lettres. -- Troisième partie: Histoire autographes. -- Quatrième partie: Théologie, Jurisprudence, Science et arts, Beaux-arts, Belles lettres, Histoire | |
| 600 | 2 | 7 |
_aHeredia y Livermoore, Ricardo, _cConde de Benahavis- _xBiblioteca. _kCatálogos _2 _9127876 |
| 852 |
_aES-MaACL _jB-10953-56 _z-- Enc. hol. |
||
| 999 |
_c153028 _d153028 |
||